000 00822cam a2200253 a 4500
001 13824032
005 20180202081212.0
008 041223s2006 maua f 001 0 eng
010 _a 2004118170
020 _a0312419325 (hardcover student ed.)
020 _a0312443374 (instructor's annotated ed.)
020 _a0312419333 (pbk. student ed.)
040 _aDLC
_cDLC
_dDLC
041 _aeng
080 _a808.042 HAC
082 0 0 _a808.042 HAC
_222
100 1 _a47
101 _aEDU
245 1 4 _aThe Bedford handbook /
_cDiana Hacker.
906 _a7
_bcbc
_corigcop
_d1
_eepcn
_f20
_gy-gencatlg
942 _2ddc
_cBK
999 _c41677
_d41677